000 01582nam a22002897a 4500
005 20091207120749.0
008 091207t xxu||||| |||| 00| 0 hin d
010 _aHIN-88747
020 _a9788176752244
_c225.00
035 _aHN-61093
037 _bDBAD / PUB
040 _aDPL
_bHN
082 _a332.17
245 _aवित्तीय समावेशन के विविध आयाम /
_cपी. कुमार ; रूपक मिश्र एवं पुष्प कुमार शर्मा द्वारा संपादित
246 _aVitteeya Smavshan ke vividh Aayaam /
_bed. P.Kumar, Roopak Mishra & Pushap Kumar Sharma
260 _aपंचकूला
_bआधार प्रकाशन
_c2009
270 _aएस.सी.एफ.267, सेक्टर 16
_bपंचकूला
_e134113 (हरियाणा)
_maadhar_prakashan@yahoo.com
300 _a156पृ
_c22सेमी (सजिल्द)
650 _aवित्तीय सेवाएँ उद्योग
650 _aFinancial services industry
650 _aवित्तीय सेवाएँ उद्योग
700 _aकुमार. पी.
700 _aमिश्र, रूपक
700 _aशर्मा, पुष्प कुमार
942 _2ddc
_cHN
_h332.17
_mवित्तीय
999 _c32180
_d32180